Solventnost II: QIS4 ve střední Evropě a vybrané otázky ke skupinovému dohledu

QIS4 v strednej Európe - problematické oblasti. Analýza diverzifikačných efektov a skupinová podpora. Účtovanie o skupinovej podpore.

Gespeichert in:
Bibliographische Detailangaben
1. Verfasser: Žák, Kamil
Weitere Verfasser: Palátová, Helena
Format: Buchkapitel
Sprache:Tschechisch
Schlagworte:
Tags: Tag hinzufügen
Keine Tags, Fügen Sie das erste Tag hinzu!

MARC

LEADER 00000naa$a2200000$$$4500
001 0079047
005 20230927103633.1
041 0 |a cze 
044 |a CZ 
245 1 0 |a Solventnost II: QIS4 ve střední Evropě a vybrané otázky ke skupinovému dohledu  |c Kamil Žák, Helena Palátová 
520 |a QIS4 v strednej Európe - problematické oblasti. Analýza diverzifikačných efektov a skupinová podpora. Účtovanie o skupinovej podpore. 
610 2 0 |a solventnosť 
610 2 0 |a stredná Európa 
610 2 0 |a diverzifikácia 
610 2 0 |a trh poistný 
100 1 |a Žák, Kamil 
700 1 |a Palátová, Helena